| 000 | 00788nam a22002417a 4500 | ||
|---|---|---|---|
| 999 |
_c17525 _d17525 |
||
| 003 | AR-CdUCM | ||
| 008 | 190508b ||||| |||| 00| 0 spa d | ||
| 040 |
_aMUNICIPALIDAD PROVINCIAL DEL CUSCO _cBIBLIOTECA MUNICIPAL DEL CUSCO |
||
| 082 |
_a818.5 / _b L75 |
||
| 100 |
_aLockwood, Sara Elizabeth _937575 |
||
| 245 | _aEn el codo del río Snake / | ||
| 260 |
_aBuenos Aires : _bPlaza y Janés Editores, _c1964. |
||
| 300 |
_a271 paginas ; _c19 cm. |
||
| 500 | _aTitulo original : The elbow of the snake | ||
| 505 | _aContenido : Novela | ||
| 650 |
_aNovela _95 |
||
| 650 |
_aNovelas estadounidenses _9734 |
||
| 650 |
_aSiglo XX _98 |
||
| 650 |
_aNovelas de costumbres _9168 |
||
| 700 |
_aC., Mario Enrique (Traducción) _937576 |
||
| 942 |
_2ddc _cLIBROS |
||
| 945 |
_awnts _d2019-05-08 |
||